[Event "SR 2. liga A 2009/2010"]
[Site "?"]
[Date "2010.02.27"]
[Round "10.2"]
[White "Petenyi, Tamas"]
[Black "Tepper, Frantisek"]
[Result "1-0"]
[WhiteElo "2261"]
[BlackElo "2169"]
[PlyCount "107"]
[EventDate "2009.??.??"]
[WhiteTeam "Slovakia"]
[BlackTeam "II"]
[WhiteTeamCountry "SVK"]
[BlackTeamCountry "SVK"]

1. e4 e5 2. Nf3 Nf6 3. Nxe5 d6 4. Nf3 Nxe4 5. d4 d5 6. Bd3 Nc6 7. O-O Be7 8.
Re1 Bg4 9. c3 f5 10. Nbd2 O-O 11. Qb3 Kh8 12. Qc2 Bd6 13. b4 Qf6 14. b5 Nxd2
15. Nxd2 Ne7 16. c4 c6 17. bxc6 bxc6 18. Nf1 Rae8 19. Bb2 Qh4 20. Re6 Rd8 21.
f3 dxc4 22. Bxc4 Bh5 23. Re2 Nd5 24. Bxd5 cxd5 25. Rd1 Qg5 26. Qd3 h6 27. Ba3
f4 28. Bxd6 Rxd6 29. Re5 Qg6 30. Qa3 Rfd8 31. Qd3 Qf7 32. Rde1 Bg6 33. Qa3 R6d7
34. Nd2 Qf8 35. Qa5 Kh7 36. Nb3 Re8 37. Nc5 Rxe5 38. Rxe5 Re7 39. Qe1 Rxe5 40.
Qxe5 Qe8 41. Ne6 Qf7 42. Nxf4 Bb1 43. a3 Ba2 44. h4 Qf6 45. Qxf6 gxf6 46. Kf2
Kg7 47. Ke3 Kf7 48. g3 Ke7 49. Kd3 Kd6 50. Kc3 Bc4 51. Kd2 Ba2 52. Nh5 Ke7 53.
Ke3 Bb1 54. g4 1-0

[Event "SR 2. liga A 2009/2010"]
[Site "?"]
[Date "2010.02.27"]
[Round "10.3"]
[White "Certek, Pavel"]
[Black "Jablonicky, Frantisek"]
[Result "0-1"]
[WhiteElo "2245"]
[BlackElo "2222"]
[PlyCount "40"]
[EventDate "2009.??.??"]
[WhiteTeam "Slovakia"]
[BlackTeam "II"]
[WhiteTeamCountry "SVK"]
[BlackTeamCountry "SVK"]

1. Nf3 f5 2. e4 fxe4 3. Ng5 Nf6 4. d3 e3 5. Bxe3 e5 6. Be2 d5 7. O-O Bd6 8. f4
exf4 9. Bxf4 O-O 10. d4 h6 11. Bxd6 Qxd6 12. Nf3 Ng4 13. Ne5 Rxf1+ 14. Bxf1
Nxe5 15. dxe5 Qxe5 16. Nc3 Be6 17. Qd2 Nc6 18. Nb5 Qxb2 19. Re1 Bf7 20. Nxc7
Qb6+ 0-1

[Event "SR 2. liga A 2009/2010"]
[Site "?"]
[Date "2010.02.27"]
[Round "10.3"]
[White "Janos, Martin"]
[Black "Puchart, Vladimir"]
[Result "1-0"]
[WhiteElo "2192"]
[BlackElo "2047"]
[PlyCount "59"]
[EventDate "2009.??.??"]
[WhiteTeam "Slovakia"]
[BlackTeam "II"]
[WhiteTeamCountry "SVK"]
[BlackTeamCountry "SVK"]

1. e4 c5 2. Nf3 d6 3. Bc4 e6 4. O-O Nf6 5. e5 Ng4 6. d4 cxd4 7. Qxd4 Nxe5 8.
Nxe5 dxe5 9. Qxe5 a6 10. Nc3 Nc6 11. Qg3 Qd4 12. Bb5 Bd6 13. Bxc6+ bxc6 14. Qf3
Qb6 15. Ne4 Be7 16. Qg3 Qd4 17. Re1 O-O 18. c3 Qb6 19. Bh6 g6 20. Bxf8 Bxf8 21.
Nf6+ Kg7 22. Ne8+ Kg8 23. Rad1 Qb8 24. Qh4 Bb7 25. Nf6+ Kg7 26. Rd7 h6 27. Ng4
Qf4 28. g3 Qf3 29. Ne5 c5 30. Nxf3 1-0

[Event "SR 2. liga A 2009/2010"]
[Site "?"]
[Date "2010.02.27"]
[Round "10.3"]
[White "Kralovic, Andrej"]
[Black "Mydlarik, Martin"]
[Result "1-0"]
[WhiteElo "2156"]
[BlackElo "2169"]
[PlyCount "63"]
[EventDate "2009.??.??"]
[WhiteTeam "Slovakia"]
[BlackTeam "II"]
[WhiteTeamCountry "SVK"]
[BlackTeamCountry "SVK"]

1. e4 e6 2. d4 d5 3. Nc3 Bb4 4. e5 c5 5. a3 Bxc3+ 6. bxc3 Qc7 7. Qg4 Ne7 8.
Qxg7 Rg8 9. Qxh7 cxd4 10. Ne2 dxc3 11. f4 Bd7 12. Qd3 Nbc6 13. Rb1 Na5 14. Nd4
Nc4 15. g3 O-O-O 16. Be2 Rdf8 17. Qxc3 Kb8 18. Be3 Rc8 19. Rb4 Ka8 20. Kf2 Rg6
21. Rhb1 b6 22. Ra1 Ng8 23. a4 f6 24. f5 exf5 25. e6 Be8 26. Rxc4 dxc4 27. Bf3+
Kb8 28. Bf4 Qe5 29. Nxf5 Rc5 30. Bxe5+ Rxe5 31. Qd4 Bc6 32. Qd6+ 1-0

[Event "SR 2. liga A 2009/2010"]
[Site "?"]
[Date "2010.02.27"]
[Round "10.3"]
[White "Lopatievov, Alexander"]
[Black "Peska, Juraj"]
[Result "1-0"]
[WhiteElo "2041"]
[BlackElo "1959"]
[PlyCount "81"]
[EventDate "2009.??.??"]
[WhiteTeam "Slovakia"]
[BlackTeam "II"]
[WhiteTeamCountry "SVK"]
[BlackTeamCountry "SVK"]

1. b4 e6 2. Bb2 Nf6 3. a3 c5 4. b5 d5 5. e3 Be7 6. Nf3 Bd7 7. c4 a6 8. a4 O-O
9. Nc3 dxc4 10. Bxc4 axb5 11. axb5 Ra5 12. O-O Be8 13. Qb3 Nbd7 14. d4 Rxa1 15.
Rxa1 Nb6 16. Be2 Nbd5 17. dxc5 Bxc5 18. Rd1 Qc7 19. h3 Bd7 20. Nxd5 Nxd5 21.
Bc4 Nb6 22. Be5 Qc8 23. Bd3 Be7 24. Bb2 Kh8 25. Rc1 Qd8 26. Be5 Nd5 27. e4 Nb4
28. Be2 Qb6 29. Bd4 Qa5 30. Qb2 f6 31. Ra1 Qc7 32. Bc3 Qc5 33. Rc1 Ra8 34. Bd4
Qd6 35. Bc5 Nd3 36. Bxd6 Nxb2 37. Bxe7 Kg8 38. Rc7 Bc8 39. e5 f5 40. Nd4 Na4
41. Bf3 1-0

[Event "SR 2. liga A 2009/2010"]
[Site "?"]
[Date "2010.02.27"]
[Round "10.3"]
[White "Pagerka, Martin"]
[Black "Varholakova, Niki"]
[Result "1-0"]
[WhiteElo "2097"]
[BlackElo "2159"]
[PlyCount "65"]
[EventDate "2009.??.??"]
[WhiteTeam "Slovakia"]
[BlackTeam "II"]
[WhiteTeamCountry "SVK"]
[BlackTeamCountry "SVK"]

1. Nf3 Nf6 2. c4 c5 3. e3 g6 4. b3 Bg7 5. Bb2 O-O 6. Be2 Nc6 7. O-O d5 8. a3 d4
9. exd4 cxd4 10. d3 Re8 11. b4 e5 12. b5 Na5 13. Nbd2 b6 14. Re1 Nb7 15. Bf1
Nd7 16. Qe2 Nd6 17. Ne4 Nf5 18. g4 Nh4 19. Nxh4 Qxh4 20. Nd6 Re6 21. Qf3 Rxd6
22. Qxa8 Qd8 23. a4 Rf6 24. Bg2 Nc5 25. Rad1 Rd6 26. Ba3 Qc7 27. Bxc5 bxc5 28.
a5 Rd8 29. b6 axb6 30. a6 Bf6 31. Ra1 Kg7 32. a7 e4 33. Qb8 1-0

[Event "SR 2. liga A 2009/2010"]
[Site "?"]
[Date "2010.02.27"]
[Round "10.3"]
[White "Petrik, Karol"]
[Black "Mihalik, Marek"]
[Result "1-0"]
[WhiteElo "2181"]
[BlackElo "2090"]
[PlyCount "105"]
[EventDate "2009.??.??"]
[WhiteTeam "Slovakia"]
[BlackTeam "II"]
[WhiteTeamCountry "SVK"]
[BlackTeamCountry "SVK"]

1. e4 c5 2. Ne2 d6 3. g3 Nc6 4. Bg2 g6 5. d4 cxd4 6. Nxd4 Bg7 7. Nxc6 bxc6 8.
O-O Qc7 9. Re1 Rb8 10. Na3 Be6 11. c3 Nf6 12. Nc2 O-O 13. Nb4 a5 14. Na6 Qa7
15. Nxb8 Rxb8 16. h3 Nd7 17. Qc2 Ne5 18. b3 Qa6 19. Bg5 Kh8 20. Rad1 Bxh3 21.
f4 Bg4 22. fxe5 Bxd1 23. Rxd1 Bxe5 24. Bf4 Qb5 25. c4 Qc5+ 26. Qf2 Qxf2+ 27.
Kxf2 Bxf4 28. gxf4 a4 29. Rd3 axb3 30. axb3 c5 31. e5 dxe5 32. fxe5 e6 33. Bc6
Rc8 34. Ba4 Rc7 35. Rd8+ Kg7 36. Ke3 g5 37. Ke4 h5 38. Kf3 Kg6 39. Rh8 Kf5 40.
Rxh5 Kxe5 41. Rxg5+ f5 42. Rg6 Rh7 43. Rg8 Rc7 44. Rd8 Kf6 45. Kf4 e5+ 46. Kf3
Ke6 47. Rh8 Kf6 48. Rh6+ Kg5 49. Re6 e4+ 50. Ke3 Rh7 51. Re5 Rh3+ 52. Ke2 Kf4
53. Rxf5+ 1-0

[Event "SR 2. liga A 2009/2010"]
[Site "?"]
[Date "2010.02.27"]
[Round "10.4"]
[White "Csiba, Peter"]
[Black "Fabry, Robert"]
[Result "0-1"]
[WhiteElo "2104"]
[BlackElo "2190"]
[PlyCount "56"]
[EventDate "2009.??.??"]
[WhiteTeam "Slovakia"]
[BlackTeam "II"]
[WhiteTeamCountry "SVK"]
[BlackTeamCountry "SVK"]

1. Nf3 Nc6 2. d4 d5 3. c4 Bg4 4. e3 e5 5. dxe5 dxc4 6. Qc2 Bxf3 7. gxf3 Qd5 8.
e4 Qxe5 9. Bg2 Nd4 10. Qxc4 b5 11. Qd3 Rd8 12. O-O Ne6 13. Qc3 Bd6 14. Qc6+ Kf8
15. Re1 Ne7 16. Qc3 Qxh2+ 17. Kf1 Ng6 18. f4 Nexf4 19. Bxf4 Nxf4 20. Qf3 Be5
21. Nc3 Rd3 22. Re3 Rxe3 23. fxe3 Nxg2 24. Qxg2 Qxg2+ 25. Kxg2 Bxc3 26. bxc3
Ke7 27. a4 a6 28. axb5 axb5 0-1

[Event "SR 2. liga A 2009/2010"]
[Site "?"]
[Date "2010.02.27"]
[Round "10.4"]
[White "Gajarsky, Roman"]
[Black "Liptak, Dusan"]
[Result "0-1"]
[WhiteElo "1921"]
[BlackElo "1916"]
[PlyCount "60"]
[EventDate "2009.??.??"]
[WhiteTeam "Slovakia"]
[BlackTeam "II"]
[WhiteTeamCountry "SVK"]
[BlackTeamCountry "SVK"]

1. e4 c5 2. f4 e6 3. c4 Nc6 4. Nc3 a6 5. Nf3 Qc7 6. d3 d6 7. g4 Rb8 8. a4 g6 9.
Be2 Bg7 10. O-O Nge7 11. Be3 O-O 12. Qd2 Nd4 13. Rae1 Bd7 14. Bd1 d5 15. Bxd4
cxd4 16. Ne2 dxe4 17. Nfxd4 exd3 18. Qxd3 Qb6 19. Rf2 Qxb2 20. f5 exf5 21. Bb3
Nc6 22. Nxc6 Bxc6 23. gxf5 Rbd8 24. Qg3 gxf5 25. Rxf5 Be4 26. Rf2 Rd3 27. Qg4
f5 28. Qg5 Rxb3 29. Nc1 Qc3 30. Kf1 Rb1 0-1

[Event "SR 2. liga A 2009/2010"]
[Site "?"]
[Date "2010.02.27"]
[Round "10.4"]
[White "Hartl, Jan"]
[Black "Polasek, Filip"]
[Result "0-1"]
[WhiteElo "2131"]
[BlackElo "2072"]
[PlyCount "60"]
[EventDate "2009.??.??"]
[WhiteTeam "Slovakia"]
[BlackTeam "II"]
[WhiteTeamCountry "SVK"]
[BlackTeamCountry "SVK"]

1. Nf3 c5 2. c4 Nc6 3. b3 e5 4. Nc3 Nf6 5. d3 d5 6. cxd5 Nxd5 7. Bb2 f6 8. g3
Be6 9. Bg2 Be7 10. O-O O-O 11. Qd2 Rc8 12. e3 Kh8 13. Rfd1 Rc7 14. Qe2 Nxc3 15.
Bxc3 Bg4 16. h3 Bh5 17. g4 Bg6 18. Nh4 Qe8 19. Nxg6+ Qxg6 20. Rf1 Bd6 21. Rad1
f5 22. Kh1 Nd8 23. Rg1 fxg4 24. Bf1 Rcf7 25. Rxg4 Qf5 26. Be1 Ne6 27. Bg2 Qh5
28. Qf1 Ng5 29. f4 exf4 30. Rh4 Qxd1 0-1

[Event "SR 2. liga A 2009/2010"]
[Site "?"]
[Date "2010.02.27"]
[Round "10.4"]
[White "Stepanovic, Branislav"]
[Black "Biro, Karol"]
[Result "1/2-1/2"]
[WhiteElo "2001"]
[BlackElo "2166"]
[PlyCount "71"]
[EventDate "2009.??.??"]
[WhiteTeam "Slovakia"]
[BlackTeam "II"]
[WhiteTeamCountry "SVK"]
[BlackTeamCountry "SVK"]

1. e4 e6 2. d4 d5 3. Nd2 Nf6 4. e5 Nfd7 5. c3 b6 6. Ndf3 Ba6 7. Bxa6 Nxa6 8.
Qd3 Ndb8 9. Ne2 c5 10. Bg5 Qd7 11. O-O Nc7 12. c4 Nc6 13. Rfd1 h6 14. Be3 dxc4
15. Qxc4 Na5 16. Qc2 Nd5 17. dxc5 bxc5 18. Bd2 Nb7 19. Nf4 Be7 20. Bc3 O-O 21.
Qe4 Rfd8 22. Rd2 Nxc3 23. bxc3 Qc8 24. Rad1 Rxd2 25. Rxd2 Na5 26. h4 Qc6 27.
Qxc6 Nxc6 28. Rd7 Rc8 29. Kf1 a6 30. Rb7 c4 31. g3 g5 32. hxg5 hxg5 33. Ne2 g4
34. Nh2 Nxe5 35. Rxe7 Rb8 36. Nd4 1/2-1/2

[Event "SR 2. liga A 2009/2010"]
[Site "?"]
[Date "2010.02.27"]
[Round "10.4"]
[White "Sturdik, Igor"]
[Black "Peitl, Tomas"]
[Result "0-1"]
[WhiteElo "2047"]
[BlackElo "2175"]
[PlyCount "54"]
[EventDate "2009.??.??"]
[WhiteTeam "Slovakia"]
[BlackTeam "II"]
[WhiteTeamCountry "SVK"]
[BlackTeamCountry "SVK"]

1. e4 e6 2. d4 d5 3. Nc3 Nf6 4. Bg5 dxe4 5. Nxe4 Be7 6. Bxf6 gxf6 7. Nf3 f5 8.
Nc3 Nd7 9. Bc4 a6 10. Qe2 b5 11. Bb3 c5 12. dxc5 Nxc5 13. Ne5 Qd6 14. Rd1 Qc7
15. f4 Bb7 16. Qh5 Bf6 17. Qe2 Rc8 18. Rd2 Rg8 19. Rg1 Rd8 20. g3 Rxd2 21. Kxd2
b4 22. Na4 Ne4+ 23. Kc1 Bxe5 24. fxe5 Qxe5 25. Re1 f4 26. g4 Qg5 27. Qc4 f3+
0-1

[Event "SR 2. liga A 2009/2010"]
[Site "?"]
[Date "2010.02.27"]
[Round "10.5"]
[White "Hecko, Dusan"]
[Black "Janos, Ivan"]
[Result "0-1"]
[WhiteElo "2115"]
[BlackElo "2133"]
[Annotator "Fritz 12 (20s)"]
[PlyCount "74"]
[EventDate "2009.??.??"]
[WhiteTeam "Slovakia"]
[BlackTeam "II"]
[WhiteTeamCountry "SVK"]
[BlackTeamCountry "SVK"]

{A33: Symmetrical English: 2 Nf3 Nf6 3 d4 cxd4 4 Nxd4 e6 5 Nc3 Nc6} 1. c4 Nf6
2. Nc3 c5 3. Nf3 e6 4. d4 cxd4 5. Nxd4 a6 6. e3 Nc6 7. Be2 Bb4 (7... Be7 {
kniz. Fritz} 8. O-O) 8. Qc2 O-O 9. Nxc6 bxc6 10. O-O d5 11. b3 e5 12. a3 Be7
13. Bb2 Be6 14. Rfd1 Rc8 15. Na4 $14 Nd7 16. Rac1 a5 17. Rd2 Bd6 18. Qd1 Qg5
19. Qe1 (19. g3 Be7 $11) 19... f5 20. Bf1 e4 21. cxd5 cxd5 22. Rdc2 (22. Rxc8
Rxc8 23. Qe2 Rb8 $11) 22... Rxc2 $17 23. Rxc2 f4 24. exf4 Bxf4 25. Nc5 $4 (25.
g3 $142 $17) 25... Nxc5 $19 26. Rxc5 e3 $4 (26... Bd2 $142 27. Qa1 Qf4 $19) 27.
Bd4 $15 exf2+ 28. Bxf2 Qf6 29. Rc6 Re8 30. Qxa5 $2 (30. g3 $142 Be5 31. Bh3 $16
) 30... Bxh2+ $15 31. Kxh2 Qxf2 32. Qa6 $4 (32. Qb6 $142 Qh4+ 33. Kg1 $15)
32... Qh4+ 33. Kg1 Qd4+ 34. Kh1 Bd7 35. Rd6 Re5 36. g3 (36. Qa8+ {dúfa v zázrak
} Be8 37. Rxd5 $19 Qf2 38. Rxe5 Qxf1+ 39. Kh2 Qf4+ 40. g3 Qxe5 $19) 36... Rh5+
37. Kg2 Bh3+ 0-1

[Event "SR 2. liga A 2009/2010"]
[Site "?"]
[Date "2010.02.27"]
[Round "10.5"]
[White "Hricak, Vasil"]
[Black "Bukovsky, Milan"]
[Result "1-0"]
[WhiteElo "2100"]
[BlackElo "2017"]
[PlyCount "89"]
[EventDate "2009.??.??"]
[WhiteTeam "Slovakia"]
[BlackTeam "II"]
[WhiteTeamCountry "SVK"]
[BlackTeamCountry "SVK"]

1. e4 e5 2. Nf3 Nc6 3. Bc4 Nf6 4. d3 Be7 5. Nc3 d6 6. h3 O-O 7. O-O h6 8. Re1
Kh8 9. d4 Nxd4 10. Nxd4 exd4 11. Qxd4 Bd7 12. b3 c6 13. Bb2 Qb6 14. Qd2 Rad8
15. Rad1 Nh7 16. Kh1 Be6 17. Na4 Qc7 18. Bxe6 fxe6 19. Qxh6 Bf6 20. Bxf6 Rxf6
21. Qe3 b6 22. Rd2 e5 23. Nb2 Nf8 24. Red1 Ne6 25. Nc4 Nf4 26. Nxe5 Rdf8 27.
Ng4 Re6 28. g3 Nd5 29. Qd4 Nf6 30. Nxf6 Rexf6 31. Kg2 Qf7 32. f4 Qh5 33. g4 Qh4
34. f5 Rh6 35. Qe3 Qe7 36. Qf4 Re8 37. Rxd6 Rxd6 38. Rxd6 Qh4 39. e5 Qe1 40. e6
Qe2+ 41. Qf2 Qe4+ 42. Kg1 Qe5 43. Rd7 Qc3 44. f6 Qxh3 45. fxg7+ 1-0

[Event "SR 2. liga A 2009/2010"]
[Site "?"]
[Date "2010.02.27"]
[Round "10.5"]
[White "Lauf, Pavol"]
[Black "Skara, Vladimir"]
[Result "1-0"]
[WhiteElo "2140"]
[BlackElo "2126"]
[PlyCount "117"]
[EventDate "2009.??.??"]
[WhiteTeam "Slovakia"]
[BlackTeam "II"]
[WhiteTeamCountry "SVK"]
[BlackTeamCountry "SVK"]

1. c4 e5 2. Nc3 Nf6 3. g3 d5 4. cxd5 Nxd5 5. Bg2 Nb6 6. Nf3 Nc6 7. O-O Be7 8.
b3 O-O 9. Bb2 f6 10. Rc1 Be6 11. d3 Qd7 12. Qd2 Nb4 13. Rfd1 Rad8 14. Ba1 N4d5
15. Ne4 c6 16. d4 exd4 17. Qxd4 Bh3 18. Bh1 Qg4 19. Ned2 Nc3 20. Qxc3 Bb4 21.
Qc2 Rfe8 22. Nf1 Nd5 23. Ne3 Nxe3 24. fxe3 Qe6 25. e4 Rxd1+ 26. Rxd1 Qxe4 27.
Qxe4 Rxe4 28. Kf2 Bg4 29. Rd8+ Kf7 30. Ng5+ Ke7 31. Nxe4 Kxd8 32. Bd4 a5 33.
Bc5 Bxc5+ 34. Nxc5 b6 35. Nd3 Kc7 36. Bf3 Be6 37. Ke3 Kd6 38. Kd4 a4 39. Kc3 c5
40. e3 g5 41. Nb2 b5 42. bxa4 b4+ 43. Kd3 Bxa2 44. a5 Kc7 45. Kc2 Bf7 46. Be4
c4 47. Na4 Be8 48. Nb6 Bb5 49. Bd5 c3 50. Be4 Kd6 51. Kb3 Kc5 52. Na4+ Bxa4+
53. Kxa4 Kc4 54. Bc2 Kc5 55. a6 Kb6 56. Kxb4 Kxa6 57. Bxh7 Kb6 58. Kxc3 Kc5 59.
Be4 1-0

[Event "SR 2. liga A 2009/2010"]
[Site "?"]
[Date "2010.02.27"]
[Round "10.5"]
[White "Lukac, Tomas"]
[Black "Racik, Marek"]
[Result "1-0"]
[WhiteElo "1932"]
[BlackElo "1869"]
[PlyCount "43"]
[EventDate "2009.??.??"]
[WhiteTeam "Slovakia"]
[BlackTeam "II"]
[WhiteTeamCountry "SVK"]
[BlackTeamCountry "SVK"]

1. e4 c5 2. Nf3 d6 3. d4 cxd4 4. Nxd4 Nf6 5. Nc3 Nc6 6. Bg5 Qa5 7. Bxf6 gxf6 8.
Nb3 Qe5 9. Qd2 f5 10. f4 Qe6 11. e5 Bh6 12. Nb5 Kd8 13. N3d4 Qd7 14. exd6 exd6
15. Nxc6+ bxc6 16. Nxd6 Kc7 17. Qa5+ Kb8 18. Qb4+ Bb7 19. Ba6 Qe6+ 20. Kf2 Kc7
21. Qxb7+ Kxd6 22. Rad1+ 1-0

[Event "SR 2. liga A 2009/2010"]
[Site "?"]
[Date "2010.02.27"]
[Round "10.5"]
[White "Magyar, Frantisek"]
[Black "Pobjecky, Ivan"]
[Result "1/2-1/2"]
[WhiteElo "2018"]
[BlackElo "2043"]
[PlyCount "64"]
[EventDate "2009.??.??"]
[WhiteTeam "Slovakia"]
[BlackTeam "II"]
[WhiteTeamCountry "SVK"]
[BlackTeamCountry "SVK"]

1. d4 Nf6 2. c4 g6 3. Nc3 d5 4. cxd5 Nxd5 5. e4 Nxc3 6. bxc3 Bg7 7. Bc4 O-O 8.
Ne2 c5 9. O-O Nc6 10. Be3 Na5 11. Bd3 cxd4 12. cxd4 b6 13. Qd2 Bb7 14. Rac1 Qd7
15. Rfd1 Rac8 16. Qb4 Rxc1 17. Rxc1 Rc8 18. Rd1 Bf8 19. Bb5 Qd8 20. f3 a6 21.
Bd3 b5 22. Qb1 Nc4 23. Bf2 Qa5 24. Be1 Qb6 25. Bf2 Qa5 26. Be1 Qb6 27. Bf2 Bh6
28. f4 Qa5 29. Be1 Qb6 30. Bf2 Qa5 31. Be1 Qb6 32. Bf2 Qa5 1/2-1/2

[Event "SR 2. liga A 2009/2010"]
[Site "?"]
[Date "2010.02.27"]
[Round "10.5"]
[White "Mikulas, Dusan"]
[Black "Lesny, Stefan"]
[Result "1/2-1/2"]
[WhiteElo "2210"]
[BlackElo "2086"]
[PlyCount "84"]
[EventDate "2009.??.??"]
[WhiteTeam "Slovakia"]
[BlackTeam "II"]
[WhiteTeamCountry "SVK"]
[BlackTeamCountry "SVK"]

1. e4 e5 2. Nf3 Nc6 3. Bb5 a6 4. Ba4 Be7 5. O-O b5 6. Bb3 Nf6 7. Re1 d6 8. c3
Na5 9. Bc2 c5 10. h3 Nc6 11. d4 O-O 12. d5 Nb8 13. Nbd2 Ne8 14. a4 b4 15. Nc4
a5 16. Ne3 g6 17. g4 Nd7 18. Kh2 Nb6 19. Rg1 Ng7 20. c4 f6 21. b3 Kf7 22. Bd2
Ke8 23. Qe2 Kd7 24. Bd3 Kc7 25. Rgc1 Ra7 26. Rg1 Qd7 27. Ne1 Rh8 28. f3 h5 29.
Kg2 g5 30. N1c2 h4 31. Nf5 Bf8 32. Nce3 Qd8 33. Rgc1 Bxf5 34. exf5 Be7 35. Nd1
Kb8 36. Nf2 Nd7 37. Ne4 Nf8 38. Be3 Nh7 39. Qf2 Rc7 40. Rd1 Ne8 41. Bf1 Qc8 42.
Bc1 Ng7 1/2-1/2

[Event "SR 2. liga A 2009/2010"]
[Site "?"]
[Date "2010.02.27"]
[Round "10.6"]
[White "Jancicka, Viliam"]
[Black "Zarecky, Eduard"]
[Result "1-0"]
[WhiteElo "1675"]
[BlackElo "1947"]
[PlyCount "85"]
[EventDate "2009.??.??"]
[WhiteTeam "Slovakia"]
[BlackTeam "II"]
[WhiteTeamCountry "SVK"]
[BlackTeamCountry "SVK"]

1. Nf3 Nf6 2. d4 d5 3. Bg5 h6 4. Bh4 Bf5 5. e3 e6 6. Be2 Be7 7. Nbd2 O-O 8. Ne5
Nbd7 9. f4 Ne4 10. Bxe7 Qxe7 11. O-O Nxd2 12. Qxd2 Rac8 13. b4 Nf6 14. c4 Ne4
15. Qb2 f6 16. Nf3 dxc4 17. Bxc4 Nd6 18. Be2 c6 19. Rac1 Be4 20. Nd2 Bd5 21.
Bf3 Bxf3 22. Rxf3 f5 23. Rg3 Rf6 24. a4 Kh7 25. b5 cxb5 26. Rxc8 Nxc8 27. Qxb5
Nd6 28. Qa5 b6 29. Qb4 Qc7 30. h3 Qc6 31. Rf3 Rf7 32. Rf1 Ne4 33. Nc4 Qe8 34.
Re1 Rc7 35. Ne5 Rc2 36. Qb3 Qc8 37. d5 exd5 38. Qxd5 Rxg2+ 39. Kxg2 Qc2+ 40.
Kh1 Qf2 41. Rg1 Qxe3 42. Rxg7+ Kxg7 43. Qf7+ 1-0

[Event "SR 2. liga A 2009/2010"]
[Site "?"]
[Date "2010.02.27"]
[Round "10.6"]
[White "Manak, Jozef"]
[Black "Krajnak, Robert"]
[Result "1-0"]
[WhiteElo "2016"]
[BlackElo "2096"]
[PlyCount "57"]
[EventDate "2009.??.??"]
[WhiteTeam "Slovakia"]
[BlackTeam "II"]
[WhiteTeamCountry "SVK"]
[BlackTeamCountry "SVK"]

1. e4 c5 2. b3 d6 3. Bb2 Nf6 4. Bb5+ Nbd7 5. e5 dxe5 6. Bxe5 a6 7. Bxd7+ Bxd7
8. Bxf6 exf6 9. Ne2 Bd6 10. O-O O-O 11. Nbc3 Rc8 12. Nd5 Bb8 13. c4 Bg4 14. f3
Bf5 15. d3 Re8 16. Qc2 h5 17. Rad1 h4 18. Nec3 Qd7 19. f4 h3 20. Ne4 Qd8 21.
Rfe1 Bg4 22. Nexf6+ gxf6 23. Rxe8+ Qxe8 24. Nxf6+ Kf8 25. Nxe8 Bxd1 26. Qxd1
Rxe8 27. g3 Re3 28. Kf2 Re6 29. Qh5 1-0

[Event "SR 2. liga A 2009/2010"]
[Site "?"]
[Date "2010.02.27"]
[Round "10.6"]
[White "Mosny, Jaroslav"]
[Black "Szollos, Ondrej"]
[Result "0-1"]
[WhiteElo "2014"]
[BlackElo "2088"]
[PlyCount "102"]
[EventDate "2009.??.??"]
[WhiteTeam "Slovakia"]
[BlackTeam "II"]
[WhiteTeamCountry "SVK"]
[BlackTeamCountry "SVK"]

1. d4 d6 2. c4 c6 3. Nc3 Qc7 4. g3 e5 5. Bg2 Nf6 6. e4 Be7 7. Nge2 Be6 8. b3
O-O 9. O-O Qc8 10. f4 exd4 11. Nxd4 Bh3 12. Bb2 Bxg2 13. Kxg2 Rd8 14. Qf3 Qg4
15. Rad1 Qxf3+ 16. Kxf3 Na6 17. Nf5 Bf8 18. Ba3 Ne8 19. Rde1 g6 20. Ne3 Bg7 21.
Rc1 Rd7 22. Rfd1 Rad8 23. Rd3 Nac7 24. Rcd1 Ne6 25. e5 c5 26. Ne2 b6 27. Bb2
Kf8 28. Nd5 dxe5 29. Bxe5 Bxe5 30. fxe5 N8c7 31. Nec3 Ng5+ 32. Kg4 Nce6 33. Rf1
a6 34. Re3 b5 35. Ne4 Nxe4 36. Rxe4 bxc4 37. bxc4 Rb7 38. Re3 Rb2 39. Ra3 Rc2
40. Ra4 Rxh2 41. Rb1 h5+ 42. Kf3 Nd4+ 43. Ke4 Re2+ 44. Kd3 Rg2 45. Rxa6 Rxg3+
46. Ke4 Rg4+ 47. Kd3 Ne6 48. Rd6 Ra8 49. Nc3 Rg3+ 50. Kd2 Nd4 51. Rf1 Nf3+ 0-1

[Event "SR 2. liga A 2009/2010"]
[Site "?"]
[Date "2010.02.27"]
[Round "10.6"]
[White "Sustak, Roman"]
[Black "Gettler, Daniel"]
[Result "0-1"]
[WhiteElo "1923"]
[BlackElo "1950"]
[PlyCount "72"]
[EventDate "2009.??.??"]
[WhiteTeam "Slovakia"]
[BlackTeam "II"]
[WhiteTeamCountry "SVK"]
[BlackTeamCountry "SVK"]

1. Nf3 f5 2. c4 Nf6 3. Nc3 g6 4. d4 Bg7 5. e3 d6 6. Qb3 c6 7. g3 O-O 8. Bg2 Qe8
9. c5+ Qf7 10. d5 Nxd5 11. Ng5 Bxc3+ 12. bxc3 Qf6 13. Bxd5+ cxd5 14. h4 h6 15.
Nf3 Na6 16. Qxd5+ Be6 17. Qd4 Nxc5 18. Ba3 Rac8 19. O-O Ne4 20. Bb2 b6 21. Rfc1
Rc4 22. Qd3 g5 23. hxg5 hxg5 24. Nd2 Nxd2 25. Qxd2 f4 26. exf4 gxf4 27. Re1 Rf7
28. Qe2 fxg3 29. fxg3 Bg4 30. Qf1 e5 31. Qxf6 Rxf6 32. Rf1 Bf3 33. Rad1 Rg4 34.
Rd3 Rxg3+ 35. Kf2 Rg2+ 36. Ke3 Re2# 0-1

[Event "SR 2. liga A 2009/2010"]
[Site "?"]
[Date "2010.02.27"]
[Round "10.6"]
[White "Syrovy, Ivan"]
[Black "Diviak, Rastislav"]
[Result "1-0"]
[WhiteElo "2088"]
[BlackElo "2043"]
[PlyCount "133"]
[EventDate "2009.??.??"]
[WhiteTeam "Slovakia"]
[BlackTeam "II"]
[WhiteTeamCountry "SVK"]
[BlackTeamCountry "SVK"]

1. e4 d6 2. d4 Nf6 3. Nc3 g6 4. f4 Bg7 5. Nf3 O-O 6. Bd3 Na6 7. O-O c5 8. d5
Bg4 9. h3 Bxf3 10. Rxf3 Nc7 11. Qe1 a6 12. a4 b6 13. g4 Nd7 14. h4 Rb8 15. h5
b5 16. hxg6 fxg6 17. Qh4 Bd4+ 18. Kg2 e5 19. Qxd8 Rfxd8 20. axb5 Bxc3 21. bxc3
axb5 22. Ra7 Rdc8 23. f5 Ra8 24. Rxa8 Rxa8 25. f6 Kf7 26. g5 Ra1 27. Be3 Ra3
28. c4 b4 29. Rh3 Nf8 30. Bc1 Ra2 31. Kf3 Na6 32. Ke3 Nc7 33. Kd2 Na6 34. Be2
Nc7 35. Bg4 Ra4 36. Bb2 Ra2 37. Kc1 Ra4 38. Kb1 Kg8 39. Bc1 Kf7 40. Kb2 Kg8 41.
c3 Kf7 42. Bd2 bxc3+ 43. Rxc3 Na6 44. Bd1 Rb4+ 45. Bb3 Nc7 46. Rh3 Rb7 47. Ba5
Ra7 48. Bc3 Rb7 49. Rh1 Ra7 50. Bd1 Rb7+ 51. Kc2 Ra7 52. Bg4 Ra2+ 53. Bb2 Ra4
54. Be2 Na6 55. Bc3 Ra2+ 56. Kd3 Nb4+ 57. Bxb4 cxb4 58. Rb1 Ra3+ 59. Kd2 Rg3
60. Rxb4 Rxg5 61. Rb6 h5 62. Rxd6 h4 63. c5 h3 64. c6 Rg3 65. c7 h2 66. c8=Q
h1=Q 67. Qc7+ 1-0

[Event "SR 2. liga A 2009/2010"]
[Site "?"]
[Date "2010.02.27"]
[Round "10.6"]
[White "Ujhelyi, Matus"]
[Black "Milanov, Jasen"]
[Result "1-0"]
[WhiteElo "1983"]
[BlackElo "2022"]
[PlyCount "75"]
[EventDate "2009.??.??"]
[WhiteTeam "Slovakia"]
[BlackTeam "II"]
[WhiteTeamCountry "SVK"]
[BlackTeamCountry "SVK"]

1. e4 e6 2. d4 d5 3. Nd2 dxe4 4. Nxe4 Nd7 5. Nf3 Ngf6 6. Bd3 Nxe4 7. Bxe4 Nf6
8. Bd3 c5 9. c3 Be7 10. O-O O-O 11. Qc2 cxd4 12. Nxd4 Bc5 13. Be3 Bd6 14. Bg5
Bxh2+ 15. Kxh2 Ng4+ 16. Kg3 Qxg5 17. Bxh7+ Kh8 18. Nf3 Qf6 19. Kxg4 e5+ 20. Bf5
Qg6+ 21. Ng5 Be6 22. Rh1+ Kg8 23. Rh4 Rfc8 24. b3 Rxc3 25. Qe4 Rd8 26. Bxe6
Qxe4+ 27. Nxe4 Rd4 28. Kg5 Rc6 29. Bc4 Kf8 30. g3 Ke7 31. Re1 a6 32. a4 f6+ 33.
Kf5 Rc8 34. Rh7 b5 35. axb5 axb5 36. Rxg7+ Kf8 37. Rf7+ Ke8 38. Nxf6+ 1-0